00877nam a22002057a 4500952010400000999001900104008004100123050001500164100004300179245011100222260010600333300001800439490000600457500004300463519004400506650003100550650004700581650003100628942001200659 00102lcc4070a20b20d2019-09-17l0oKB419 B75p20 003295r2019-09-17t1, vol. Vw2019-09-17yLB c104510d104510190917b ||||| |||| 00| 0 spa d aKB419bB75 aBribiesca Sumano, María Elenaeautor aCatálogo de protocolos de la notaria número 1 de Toluca (1602-1635)c / María Elena Bribiesca Sumano aMéxicob : Universidad Autónoma del Estado de Méxicob Gobierno del Estado de Méxicoc , 1994 a244 páginas vV aIncluye: Presentación Introducción aMaterial Complementario / d(20 003295) 0aNOTARIASxHISTORIAzTOLUCA 0aDOCUMENTOS PÚBLICOSxCATÁLOGOSzTOLUCA 0aARCHIVOSxHISTORIAzTOLUCA 2lcccLB